000 00547nam a2200229Ia 4500
003 OSt
005 20221005121924.0
006 a|||||r|||| 00| 0
007 ta
008 221004b |||||||| |||| 00| 0 eng d
024 _a60166
037 _cTextual
040 _aCRL
_cCRL
_beng
041 _2eng
_aeng
082 _aV2:5:E3, E0;E4
100 _aAlberuni
245 0 _aIndia ed by Edward C Sachau
260 _c1910
650 _aHISTORY
942 _hV2:5:E3, E0;E4
_cTEXL
_2cc
999 _c1042707
_d1042707